<?xml version="1.0" encoding="UTF-8"?>
<record
    xmlns:xsi="http://www.w3.org/2001/XMLSchema-instance"
    xsi:schemaLocation="http://www.loc.gov/MARC21/slim http://www.loc.gov/standards/marcxml/schema/MARC21slim.xsd"
    xmlns="http://www.loc.gov/MARC21/slim">

  <leader>01106nam a2200217 i 4500</leader>
  <controlfield tag="001">149821</controlfield>
  <controlfield tag="003">ES-MaACL</controlfield>
  <controlfield tag="005">20250815062537.0</controlfield>
  <controlfield tag="007">t|</controlfield>
  <controlfield tag="008">071024m19281931sp           ||||1| spa d</controlfield>
  <datafield tag="245" ind1="0" ind2="0">
    <subfield code="a">Geograf&#xED;a universal </subfield>
    <subfield code="b">: descripci&#xF3;n moderna del mundo / </subfield>
    <subfield code="c">director cient&#xED;fico D. Fernando Valls Taberner.</subfield>
  </datafield>
  <datafield tag="260" ind1=" " ind2=" ">
    <subfield code="a">Barcelona : </subfield>
    <subfield code="b">Instituto Gallach, </subfield>
    <subfield code="c">[1928-1931]</subfield>
  </datafield>
  <datafield tag="300" ind1=" " ind2=" ">
    <subfield code="a">5 v. : </subfield>
    <subfield code="b">il. ; </subfield>
    <subfield code="c">30 cm.</subfield>
  </datafield>
  <datafield tag="505" ind1="8" ind2=" ">
    <subfield code="a">Contiene: t. 1. El espacio y la tierra / por D. Victoriano Fern&#xE1;ndez Ascarza...[et al.] -- t. 2. Europa (menos Espa&#xF1;a y Portugal) / por D. Miguel Santal&#xF3;...[et al.] -- t. 3. Espa&#xF1;a y Portugal / por D. Miguel Santal&#xF3;...[et al.] -- t. 4. Asia, Africa, Ocean&#xED;a, regiones polares / por D. Gonzalo de Reparaz (hijo)...[et al.] -- t. 5. Am&#xE9;rica / por D. Miguel Santal&#xF3;...[et al.]</subfield>
  </datafield>
  <datafield tag="650" ind1="0" ind2="7">
    <subfield code="a">Geograf&#xED;a</subfield>
    <subfield code="2">embne</subfield>
    <subfield code="9">13070</subfield>
  </datafield>
  <datafield tag="700" ind1="1" ind2=" ">
    <subfield code="a">Valls i Taberner, Ferran.</subfield>
    <subfield code="9">112942</subfield>
  </datafield>
  <datafield tag="700" ind1="1" ind2=" ">
    <subfield code="a">Fern&#xE1;ndez Ascarza, Victoriano, </subfield>
    <subfield code="d">1870-1934</subfield>
    <subfield code="9">49486</subfield>
  </datafield>
  <datafield tag="700" ind1="1" ind2=" ">
    <subfield code="a">Santal&#xF3;, Miguel.</subfield>
    <subfield code="9">103269</subfield>
  </datafield>
  <datafield tag="852" ind1=" " ind2=" ">
    <subfield code="a">ES-MaACL</subfield>
    <subfield code="j">A-265-69 </subfield>
    <subfield code="z">.- Falta el vol. 1&#xBA;</subfield>
  </datafield>
  <datafield tag="999" ind1=" " ind2=" ">
    <subfield code="c">149821</subfield>
    <subfield code="d">149821</subfield>
  </datafield>
  <datafield tag="952" ind1=" " ind2=" ">
    <subfield code="0">0</subfield>
    <subfield code="1">0</subfield>
    <subfield code="4">0</subfield>
    <subfield code="7">0</subfield>
    <subfield code="a">ATENEOM</subfield>
    <subfield code="b">ATENEOM</subfield>
    <subfield code="c">SPP1</subfield>
    <subfield code="d">2008-01-17</subfield>
    <subfield code="e">SC</subfield>
    <subfield code="l">0</subfield>
    <subfield code="o">A-265-69</subfield>
    <subfield code="p">1156338</subfield>
    <subfield code="r">2023-02-23 00:00:00</subfield>
    <subfield code="w">2023-02-23</subfield>
    <subfield code="y">MONOGRAFIA</subfield>
  </datafield>
</record>
